000 01596 a2200361 4500
003 OSt
005 20180116192353.0
008 120601t xxu||||| |||| 00| 0 eng d
010 _a 2007273817
020 _a9780073207025 (v. 1 : acid-free paper)
020 _a0073207020 (v. 1 : acid-free paper)
020 _a9780073207032 (v. 2 : alk. paper)
020 _a0073207039 (v. 2 : alk. paper)
040 _c0
082 _a909
100 1 _aBentley, Jerry H.,
_93338
245 1 0 _aTraditions & encounters :
_ba Global Perspective on the Past /
_cJerry H. Bentley, Herbert F. Ziegler, Heather E. Streets.
_nVOL. A
_pSADAFrom the Beginning to 1000.
246 3 _aTraditions and encounters
250 _a4th ed.
260 _aBoston :
_bMcGraw Hill Higher Education,
_cc2008.
300 _a456 p. :
_bill. (chiefly col.), col. maps ;
_c26 cm.
500 _aCol. maps on end papers.
505 1 _av. 1. From the beginning to 1500 -- v. 2. From 1500 to the present.
650 1 0 _aWorld history
_93339
650 1 0 _aIntercultural communication
_xHistory
_93340
700 1 _aZiegler, Herbert F.,
_d1949-
_93341
700 1 _aStreets-Salter, Heather.
_93342
856 4 1 _3Table of contents only
_uhttp://www.loc.gov/catdir/enhancements/fy0713/2007273817-t.html
856 4 1 _3Publisher description
_uhttp://www.loc.gov/catdir/enhancements/fy0713/2007273817-d.html
856 4 1 _3Contributor biographical information
_uhttp://www.loc.gov/catdir/enhancements/fy0737/2007273817-b.html
942 _aSADA
_cBK
_k909 BEN 2008
_2ddc
999 _c352999
_d352999